| 000 | 01010nam a2200229Ia 4500 | ||
|---|---|---|---|
| 001 | 20924 | ||
| 003 | GE_BSU | ||
| 008 | 181216s||||||||xx |||||||||||||| ||und|| | ||
| 040 | _cGE_BSU | ||
| 080 | _a347(479.22) | ||
| 245 | _aსაქართველოს სამოქალაქო კოდექსი. 2017. | ||
| 245 | _bანბანურ-საგნობრივი საძიებლით. ცვლილებებითა და დამატებებით 2017წ. 15 მაისამდე | ||
| 260 | _aთბილისი. | ||
| 260 | _bბონა კაუზა | ||
| 260 | _c2017 | ||
| 300 | _a377გვ;21სმ. | ||
| 541 | _h11ლ. | ||
| 653 | _aსამართალმცოდნეობა | ||
| 653 | _aსაქართველოს სამოქალაქო კოდექსი. 2017 | ||
| 653 | _aცვლილებებითა და დამატებებით 2017წ. 15 მაისამდე | ||
| 942 | _cBK | ||
| 999 |
_c53873 _d53873 |
||